| Tag |
First Indicator |
Second Indicator |
Subfields |
| LEADER |
00000cam a2200000 a 4500 |
| 001 |
in00000013170 |
| 005 |
20151007052335.0 |
| 008 |
870515s1988 maua b 00100 eng d |
| 010 |
|
|
|a 87003322
|
| 020 |
|
|
|a 0669132063 (alk. paper)
|
| 035 |
|
|
|a (OCoLC)16006275
|
| 035 |
|
|
|9 AAA7384AM
|
| 040 |
|
|
|a DNLM/DLC
|c DLC
|d TXA
|d UtOrBLW
|
| 049 |
|
|
|a TXAM
|c [A11463006]
|
| 050 |
0 |
0 |
|a HF5549.5.O44
|b F68 1988
|
| 060 |
|
0 |
|a WT 30 F781
|
| 082 |
0 |
|
|a 658.3/042
|2 19
|
| 245 |
0 |
0 |
|a Fourteen steps in managing an aging work force /
|c [edited by] Helen Dennis.
|
| 264 |
|
1 |
|a Lexington, Mass. :
|b Lexington Books,
|c [1988]
|
| 264 |
|
4 |
|c ©1988
|
| 300 |
|
|
|a xi, 247 unnumbered pages :
|b illustrations ;
|c 24 cm.
|
| 336 |
|
|
|a text
|b txt
|2 rdacontent
|
| 337 |
|
|
|a unmediated
|b n
|2 rdamedia
|
| 338 |
|
|
|a volume
|b nc
|2 rdacarrier
|
| 504 |
|
|
|a Includes bibliographies and index.
|
| 650 |
|
0 |
|a Older people
|x Employment.
|
| 650 |
|
0 |
|a Personnel management.
|
| 700 |
1 |
|
|a Dennis, Helen.
|
| 999 |
|
|
|a MARS
|
| 999 |
f |
f |
|s 06e24669-3c84-3633-80c2-1921cb0cd572
|i 7fa3dc8e-8514-3959-90c0-c2c7ef424611
|t 0
|
| 952 |
f |
f |
|p ric
|a Texas A&M University
|b Rellis Campus
|c Joint Library Facility
|d Remote Storage
|t 0
|e HF5549.5.O44 F68 1988
|h Library of Congress classification
|i unmediated -- volume
|m A14811463006
|
| 998 |
f |
f |
|a HF5549.5.O44 F68 1988
|t 0
|l Remote Storage
|